The mathematical theory of optimal processes / (Record no. 25136)
[ view plain ]
| 000 -LEADER | |
|---|---|
| fixed length control field | 00855nam a2200241 a 4500 |
| 001 - CONTROL NUMBER | |
| control field | 25136 |
| 003 - CONTROL NUMBER IDENTIFIER | |
| rucl marc code | BD-RjUL |
| 005 - DATE AND TIME OF LATEST TRANSACTION | |
| control field | 20211209050833.0 |
| 008 - FIXED-LENGTH DATA ELEMENTS--GENERAL INFORMATION | |
| fixed length control field | 901213s1962 nyua 001 0 eng d |
| 035 ## - SYSTEM CONTROL NUMBER | |
| System control number | (BD-RjUL)25205 |
| -- | CURL 020000157427(Edi) from wsc256 |
| 040 ## - CATALOGING SOURCE | |
| Original cataloging agency | WSU |
| Modifying agency | EUX |
| Language of cataloging | eng |
| Transcribing agency | BD-RjUL |
| 041 1# - LANGUAGE CODE | |
| Language code of text/sound track or separate title | eng |
| Language code of original | rus |
| 082 ## - DEWEY DECIMAL CLASSIFICATION NUMBER | |
| Edition number | 23 |
| Classification number | 519.6 |
| Author mark and year | MAT 1962 |
| 245 14 - TITLE STATEMENT | |
| Title | The mathematical theory of optimal processes / |
| Statement of responsibility, etc. | by L.S. Pontryagin ... [et al.] ; translator K.N. Trirogoff ; editor L.W. Neustadt |
| 260 ## - PUBLICATION, DISTRIBUTION, ETC. (IMPRINT) | |
| Place of publication, distribution, etc. | New York : |
| Name of publisher, distributor, etc. | Interscience Publishers, |
| Date of publication, distribution, etc. | 1962 |
| 300 ## - PHYSICAL DESCRIPTION | |
| Pagination | viii, 360 p. : |
| Illustrations | Ill. ; |
| Size | 24 cm |
| 650 #0 - SUBJECT ADDED ENTRY--TOPICAL TERM | |
| Topical term or geographic name as entry element | Mathematical optimization |
| 9 (RLIN) | 131906 |
| 700 ## - ADDED ENTRY--PERSONAL NAME | |
| Personal name | Pontryagin, L.S. ... [et al.] |
| Personal name | Trirogoff, K.N., trans. |
| Personal name | Neustadt, L.W. , ed. |
| 942 ## - ADDED ENTRY ELEMENTS (KOHA) | |
| Source of classification or shelving scheme | Dewey Decimal Classification |
| Koha item type | Books |
| Lost status | Source of classification or shelving scheme | Damaged status | Not for loan | Collection code | Permanent Location | Current Location | Shelving location | Date acquired | Source of acquisition | Cost, normal purchase price | Total Checkouts | Full call number | Date last seen | Copy number | Koha item type |
|---|---|---|---|---|---|---|---|---|---|---|---|---|---|---|---|
| Dewey Decimal Classification | Not For Loan | Non-fiction | Central Library, University of Rajshahi | Central Library, University of Rajshahi | Reading Room | 29/05/1974 | National Book agency | 140.00 | 519.6 MAT 1962 | 31/08/2016 | C-1 | Books | |||
| Dewey Decimal Classification | Non-fiction | Central Library, University of Rajshahi | Central Library, University of Rajshahi | 05/03/1964 | Zeitlinger | 90.00 | 519.6 MAT 1962 | 29/03/2017 | C-2 | Books |